[Event "EU-ch U16 24th"]
[Site "Batumi"]
[Date "2014.10.20"]
[Round "2"]
[White "Arcuti, Davide"]
[Black "Halonen, Juhani"]
[Result "1-0"]
[WhiteElo "2043"]
[BlackElo "1773"]
[PlyCount "69"]
[EventDate "2014.10.19"]
[EventType "swiss"]
[EventRounds "9"]
[EventCountry "GEO"]
[SourceTitle "EXT 2015"]
[Source "ChessBase"]
[SourceDate "2014.11.20"]
[SourceVersion "1"]
[SourceVersionDate "2014.11.20"]
[SourceQuality "1"]

1. d4 Nf6 2. c4 g6 3. Nc3 Bg7 4. e4 d6 5. h3 0-0 6. Be3 e5 7. d5 Na6 8. Bd3 c6 9. Nge2 Nc5 10. Bc2 cxd5 11. cxd5 a5 12. g4 h5 13. f3 Nh7 14. Qd2 h4 15. 0-0 Bd7 16. Rab1 a4 17. b4 axb3 18. axb3 Bf6 19. b4 Na6 20. Ba4 Nb8 21. Bxd7 Nxd7 22. Nb5 Nb6 23. Rfc1 Bg5 24. Rc7 f5 25. f4 Bxf4 26. Nxf4 exf4 27. Bxb6 Qg5 28. exf5 gxf5 29. Qg2 Ra2 30. Qxa2 fxg4 31. hxg4 h3 32. Qf2 Nf6 33. Bd4 h2+ 34. Qxh2 f3 35. Bxf6 1-0

[Event "Nordic-ch U17"]
[Site "Billund"]
[Date "2014.02.16"]
[Round "6"]
[White "Halonen, Juhani"]
[Black "Valkama, Eero"]
[Result "1/2-1/2"]
[WhiteElo "1702"]
[BlackElo "1993"]
[PlyCount "20"]
[EventDate "2014.02.14"]
[EventType "swiss"]
[EventRounds "6"]
[EventCountry "DEN"]
[SourceTitle "EXT 2024"]
[Source "ChessBase"]
[SourceDate "2023.10.10"]
[SourceVersion "1"]
[SourceVersionDate "2023.10.10"]
[SourceQuality "1"]

1. e4 e5 2. f4 exf4 3. Nf3 Nf6 4. e5 Nh5 5. Be2 d5 6. 0-0 Bg4 7. d4 Be7 8. Ne1 Bxe2 9. Qxe2 g6 10. Nd3 0-0 1/2-1/2

[Event "Nordic-ch U17"]
[Site "Billund"]
[Date "2014.02.15"]
[Round "4"]
[White "Ramsdal, Jens Albert"]
[Black "Halonen, Juhani"]
[Result "0-1"]
[WhiteElo "2042"]
[BlackElo "1702"]
[PlyCount "100"]
[EventDate "2014.02.14"]
[EventType "swiss"]
[EventRounds "6"]
[EventCountry "DEN"]
[SourceTitle "EXT 2024"]
[Source "ChessBase"]
[SourceDate "2023.10.10"]
[SourceVersion "1"]
[SourceVersionDate "2023.10.10"]
[SourceQuality "1"]

1. e4 e6 2. d4 d5 3. Nd2 Nf6 4. e5 Nfd7 5. Bd3 c5 6. c3 Nc6 7. Ne2 cxd4 8. cxd4 f6 9. exf6 Nxf6 10. 0-0 Bd6 11. Nf3 Qc7 12. Bg5 0-0 13. Bh4 Nh5 14. Rc1 h6 15. Bb1 g5 16. Bg3 Nxg3 17. Nxg3 Bf4 18. Qc2 Bxc1 19. Rxc1 Rxf3 20. gxf3 Qf7 21. Qc3 Bd7 22. Ne2 Rf8 23. f4 gxf4 24. Kh1 Qh5 25. Rg1+ Kh8 26. Qd3 Qf5 27. Qf3 Qf6 28. Rg6 Qh4 29. Rg4 Qe7 30. Nxf4 Be8 31. Qh3 Rf6 32. Bg6 Qf8 33. Qe3 Bf7 34. Bb1 Qe7 35. Qd3 Be8 36. Qg3 Qf8 37. Qe3 Qe7 38. Qg3 Qf8 39. Qe3 Qe7 40. b4 Nxb4 41. Qg3 Qf8 42. Bg6 Nc6 43. Qh4 Bd7 44. Bc2 Be8 45. Bg6 Bd7 46. Nh5 Rxf2 47. Nf4 e5 48. Bf7 Rxf4 49. Rxf4 exf4 50. Qxf4 Kg7 0-1

[Event "Helsinki-ch 2014 Group A2"]
[Site "Helsinki"]
[Date "2013.12.31"]
[Round "3"]
[White "Jalo, Pentti"]
[Black "Halonen, Juhani"]
[Result "1/2-1/2"]
[WhiteElo "1756"]
[BlackElo "1706"]
[PlyCount "60"]
[EventDate "2013.12.29"]
[EventType "tourn"]
[EventRounds "9"]
[EventCountry "FIN"]
[SourceTitle "EXT 2022"]
[Source "ChessBase"]
[SourceDate "2021.10.06"]
[SourceVersion "1"]
[SourceVersionDate "2021.10.06"]
[SourceQuality "1"]

1. Nf3 f5 2. d4 Nf6 3. c4 e6 4. a3 d5 5. Bg5 h6 6. Bxf6 Qxf6 7. e3 c6 8. c5 b6 9. b4 bxc5 10. b5 c4 11. Nc3 c5 12. Ne5 g6 13. f4 Bd6 14. g3 0-0 15. Bg2 Bxe5 16. dxe5 Qe7 17. Nxd5 exd5 18. Qxd5+ Be6 19. Qxa8 Na6 20. Qc6 Nc7 21. 0-0-0 Rb8 22. Qd6 Qf7 23. a4 c3 24. Rd3 Bb3 25. Rxc3 Bxa4 26. Rxc5 Qa2 27. Qxg6+ Kh8 28. Qxh6+ Kg8 29. Qg6+ Kh8 30. Qf6+ Kg8 1/2-1/2

[Event "Helsinki-ch 2014 Group A2"]
[Site "Helsinki"]
[Date "2013.12.29"]
[Round "1"]
[White "Juselius, Harry"]
[Black "Halonen, Juhani"]
[Result "1-0"]
[WhiteElo "1866"]
[BlackElo "1706"]
[PlyCount "95"]
[EventDate "2013.12.29"]
[EventType "tourn"]
[EventRounds "9"]
[EventCountry "FIN"]
[SourceTitle "EXT 2022"]
[Source "ChessBase"]
[SourceDate "2021.10.06"]
[SourceVersion "1"]
[SourceVersionDate "2021.10.06"]
[SourceQuality "1"]

1. e4 e6 2. d4 d5 3. Nc3 Bb4 4. Bd2 Ne7 5. a3 Bxc3 6. bxc3 c5 7. e5 Nbc6 8. Nf3 Bd7 9. Bd3 c4 10. Be2 Qa5 11. 0-0 0-0-0 12. Qb1 f6 13. Qb2 Ng6 14. Rab1 Qc7 15. exf6 gxf6 16. Rfe1 e5 17. dxe5 fxe5 18. Be3 Bf5 19. a4 Rd7 20. Red1 Re8 21. Re1 Qa5 22. Ra1 Kb8 23. Kf1 Nf8 24. Red1 Ne6 25. Ng5 Nc5 26. Qb5 Bxc2 27. Bxc5 Bxd1 28. Rxd1 Qxc3 29. Bxc4 Red8 30. Be2 d4 31. Bf3 a6 32. Qb6 Rc8 33. Ne4 Qc4+ 34. Kg1 Qe6 35. Rb1 Rcc7 36. Qxa6 Qa2 37. Qb5 Na7 38. Qb4 Nc6 39. Qb6 Qe6 40. h3 h6 41. Bg4 Qg6 42. Nd2 Rf7 43. Bf3 Rf4 44. Bd5 Kc8 45. Nc4 Rf6 46. a5 Ne7 47. Bxb7+ Kd7 48. Qb5+ 1-0